1574 1420 1170 1441 1864 1926 1302 1399 1966 1375 1248 1954 1145 1105 1214 1151 1964 1138 1977 1127 1973 1554 1375 1312 1137 1781 1269 1378 1486 1725 1800 1487 1446 1898 1204 1263 1079 1452 1770 1794 1453 1292 1310 1137 1154 1495 1739 1718 1608 1607 1641 1990 1687 1174 1206 1364 1543 1381 1328 1648 1381 1436 1126 1304 1769 1547 1782 1130 1978 1926 1272 1842 1947 1668 1741 1757 1460 1241 1346 1320 1457 1525 1402 1707 1961 1563 1923 1048 1627 1143 1032 1490 1093 1078 1277 1554 1264 1974 1736 BCNSPRNW ULIB Ver.6.0+V

เปลี่ยนเป็นภาษาไทย

Change to English
 แสดงรายละเอียดบรรณานุกรม
  กลับหน้าหลัก

Brief Record : Get Marc (ISO 2709) : E-mail record : QR code < ปิดหน้าต่าง
LEADER : 00000nam 2200000uu 4500
001    13399122586
003     ULIB
008    020711s2544 th a 000 0 tha d
099    วจ.WM284^พ517ผ
100    พัชรพร สุคนธสรรพ์
110    มหาวิทยาลัยนเรศวร.^bคณะพยาบาลศาสตร์
245    ผลของโครงการอบรมนิสิตอาสาสมัครป้องกันปัญหายาเสพติด /^cพัชรพร สุคนธสรรพ์
260    พิษณุโลก :^bมหาวิทยาลัยนเรศวร,^c2544
300    69 หน้า
650    ปัญหายาเสพย์ติด^xการป้องกัน
650    อบรม^xปัญหายาเสพย์ติด
650    นิสิต^xป้องกันปัญหายาเสพย์ติด
945    ^p0^l0^i20031
รายการนี้ยังไม่มีแท็ก
คุณยังไม่ได้ล็อกอิน คุณสามารถมีกิจกรรมร่วมกับเว็บไซต์ได้ แต่ต้องล็อกอินก่อน ::
  ล็อกอิน

รายการสื่อสารสนเทศ

ลำดับที่ ประเภท เลขเรียก/บาร์โค้ด สถานที่ สถานะ
1. งานวิจัย
งานวิจัย
วจ.WM284^พ517ผ ฉ.1 
  Barcode: 20031
ห้องสมุดวิทยาเขตสวรรค์ประชารักษ์
►วิจัย
บนชั้น

BibComment


ยังไม่เคยถูกคอมเมนท์

คอมเมนท์ทรัพยากรรายการนี้
  คอมเมนท์: ผลของโครงการอบรมน..


 Copyright 2026. Bcnsprnw @Library